[Event "FRA-chT1 0910"]
[Site "France"]
[Date "2009.11.21"]
[Round "4.3"]
[White "Carlier, Bruno"]
[Black "Pietrasanta, Jeremy"]
[Result "0-1"]
[WhiteElo "2397"]
[BlackElo "2275"]
[PlyCount "70"]
[EventDate "2009.09.27"]
[EventType "team-match"]
[EventRounds "11"]
[EventCountry "FRA"]
[Source "ChessBase"]
[SourceDate "2010.02.25"]

1. Nf3 g6 2. g3 Bg7 3. d4 d6 4. Bg2 Nf6 5. O-O O-O 6. Nc3 Na6 7. e4 c5 8. h3
cxd4 9. Nxd4 Nc5 10. Be3 Bd7 11. Qd2 Rc8 12. Rfe1 Re8 13. Rad1 a6 14. Bh6 Qb6
15. Bxg7 Kxg7 16. b3 Ne6 17. Nxe6+ Bxe6 18. Nd5 Bxd5 19. exd5 Qc5 20. c4 b5 21.
cxb5 Qxb5 22. Rc1 Rxc1 23. Rxc1 Rb8 24. Rc4 a5 25. Rc7 a4 26. bxa4 Qxa4 27.
Rxe7 Rb1+ 28. Kh2 Rd1 29. Qb2 Qa5 30. Qb7 Kh6 31. Rxf7 Qe1 32. h4 Ng4+ 33. Kh3
Nxf2+ 34. Rxf2 Qxf2 35. Qe7 Qf5+ 0-1

[Event "FRA-chT1 0910"]
[Site "France"]
[Date "2009.11.21"]
[Round "4.3"]
[White "Dobrev, Nanko"]
[Black "Acher, Mathieu"]
[Result "1/2-1/2"]
[WhiteElo "2377"]
[BlackElo "2345"]
[PlyCount "59"]
[EventDate "2009.09.27"]
[EventType "team-match"]
[EventRounds "11"]
[EventCountry "FRA"]
[Source "ChessBase"]
[SourceDate "2010.02.25"]
[WhiteTeam "Grasse Echecs"]

1. d4 d5 2. Nf3 Nc6 3. Bf4 Bg4 4. e3 e6 5. c4 Bd6 6. Bg3 Nf6 7. Nc3 O-O 8. Be2
dxc4 9. Bxc4 e5 10. dxe5 Bxf3 11. gxf3 Nxe5 12. Bb3 Qe7 13. f4 Nc6 14. Bh4 Bb4
15. O-O Bxc3 16. bxc3 Rad8 17. Qe2 Rd6 18. Rfd1 Rfd8 19. Qb5 b6 20. Rxd6 Rxd6
21. Rd1 Rxd1+ 22. Bxd1 Qd7 23. Ba4 Qg4+ 24. Bg3 Na5 25. Qe5 h5 26. Qxc7 Qe2 27.
Qc8+ Kh7 28. Qf5+ Kg8 29. Qc2 Qe1+ 30. Kg2 1/2-1/2

[Event "FRA-chT1 0910"]
[Site "France"]
[Date "2009.11.21"]
[Round "4.3"]
[White "Monsieux, Cyril"]
[Black "Oliveira, Sancho"]
[Result "1-0"]
[WhiteElo "2302"]
[BlackElo "2224"]
[PlyCount "161"]
[EventDate "2009.09.27"]
[EventType "team-match"]
[EventRounds "11"]
[EventCountry "FRA"]
[Source "ChessBase"]
[SourceDate "2010.02.25"]

1. e4 c5 2. Nf3 d6 3. d4 cxd4 4. Nxd4 Nf6 5. Nc3 a6 6. Bg5 e6 7. f4 Qb6 8. Nb3
Nbd7 9. Qf3 Be7 10. O-O-O Qc7 11. Kb1 b5 12. Bxf6 Nxf6 13. e5 Bb7 14. Qg3 dxe5
15. fxe5 Nd7 16. Qxg7 Qxe5 17. Qxe5 Nxe5 18. Na5 Bc8 19. g3 O-O 20. Bg2 Ra7 21.
Rhe1 f6 22. Nc6 Nxc6 23. Bxc6 Rd8 24. Rxd8+ Bxd8 25. a4 bxa4 26. Nxa4 Kf7 27.
Rd1 Ba5 28. c3 Rc7 29. Bf3 Rd7 30. Rxd7+ Bxd7 31. Nc5 Bc8 32. Be2 Bb6 33. Nxa6
f5 34. Kc2 Bg1 35. h3 Bf2 36. g4 f4 37. Nb4 Bb7 38. Nd3 Be3 39. Bf3 Ba6 40. c4
Kf6 41. Kc3 e5 42. Nb4 Bd4+ 43. Kd3 Bc8 44. b3 Kg5 45. Nc6 Bb2 46. Ne7 Bd7 47.
c5 Bb5+ 48. Ke4 Kf6 49. Nd5+ Kf7 50. Nb4 Bc3 51. Nd5 Bb2 52. h4 Bc6 53. g5 Ba3
54. Kxe5 Bxc5 55. Bh5+ Kg7 56. Nxf4 Bf2 57. Ne6+ Kg8 58. Nd4 Bb7 59. Nf5 Kf8
60. Be2 Bc8 61. Nd6 Bg3+ 62. Kd5 Bh3 63. h5 Bf4 64. g6 hxg6 65. hxg6 Bd7 66.
Bd3 Bd2 67. Nc4 Bc3 68. Ne5 Be8 69. Ke6 Kg7 70. Ke7 Bxe5 71. Kxe8 Bc3 72. Ke7
Bb2 73. Ke6 Kf8 74. Kd5 Ke7 75. Kc4 Ba3 76. b4 Bb2 77. Kc5 Kd7 78. Kb6 Kc8 79.
b5 Bd4+ 80. Kc6 Bc3 81. b6 1-0

[Event "FRA-chT1 0910"]
[Site "France"]
[Date "2009.11.21"]
[Round "4.3"]
[White "Pira, Davoud"]
[Black "Bedouin, Xavier"]
[Result "1/2-1/2"]
[WhiteElo "2382"]
[BlackElo "2351"]
[PlyCount "113"]
[EventDate "2009.09.27"]
[EventType "team-match"]
[EventRounds "11"]
[EventCountry "FRA"]
[Source "ChessBase"]
[SourceDate "2010.02.25"]

1. c4 Nf6 2. Nc3 d5 3. cxd5 Nxd5 4. Qb3 Nb6 5. Nf3 Nc6 6. e3 e5 7. d3 Be6 8.
Qc2 Be7 9. a3 a5 10. b3 O-O 11. Bb2 f5 12. Be2 Bf6 13. O-O g5 14. Rfe1 g4 15.
Nd2 Bg7 16. Rab1 Rf6 17. Bc1 Rh6 18. g3 Qg5 19. Nc4 Qh5 20. h4 Bf6 21. Kg2 f4
22. exf4 Nd4 23. Qd1 Nd5 24. Ne4 exf4 25. Bxf4 Nxf4+ 26. gxf4 Rf8 27. Rh1 Bxh4
28. Qd2 Qf5 29. Rbe1 Bd5 30. Bd1 Qxf4 31. Qxf4 Rxf4 32. Rxh4 Rxh4 33. Kg3 Rxe4
34. dxe4 Rh3+ 35. Kxg4 Be6+ 36. Kf4 a4 37. Ke5 Bxc4 38. bxc4 Nf3+ 39. Bxf3 Rxf3
40. Rb1 b6 41. Rd1 Rxf2 42. Rd7 Rf7 43. Ke6 Rf4 44. Ke5 Rf3 45. Rxc7 h5 46. Rc6
h4 47. Rxb6 h3 48. c5 Rxa3 49. c6 Rc3 50. Kd6 h2 51. Rb1 a3 52. c7 a2 53. Rf1
Kg7 54. e5 Rd3+ 55. Ke7 Rc3 56. Kd7 Rd3+ 57. Ke7 1/2-1/2

[Event "FRA-chT1 0910"]
[Site "France"]
[Date "2009.11.21"]
[Round "4.4"]
[White "Beudaert, Xavier"]
[Black "Gosset, Arnaud"]
[Result "0-1"]
[WhiteElo "2344"]
[BlackElo "2201"]
[PlyCount "134"]
[EventDate "2009.09.27"]
[EventType "team-match"]
[EventRounds "11"]
[EventCountry "FRA"]
[Source "ChessBase"]
[SourceDate "2010.02.25"]

1. e4 c5 2. Nf3 e6 3. c4 Nc6 4. Nc3 e5 5. Be2 d6 6. O-O f5 7. d3 Be7 8. a3 Nf6
9. Rb1 O-O 10. b4 b6 11. Bg5 Be6 12. Bxf6 Bxf6 13. Nd5 Rf7 14. b5 Ne7 15. a4 a6
16. Nc3 axb5 17. axb5 Ra3 18. Rb3 Ra5 19. Ne1 g6 20. Nc2 Bg5 21. Bf3 fxe4 22.
Nxe4 Bh6 23. Bg4 Nf5 24. Ra3 Rxa3 25. Nxa3 Qd7 26. Bh3 d5 27. cxd5 Qxd5 28. Nc4
Qd4 29. Qe2 Bd7 30. Bxf5 gxf5 31. Ned6 Rf6 32. Qa2 Kg7 33. Re1 Rxd6 34. Rxe5
Re6 35. Qa7 Rxe5 36. Nxe5 Qxe5 37. Qxd7+ Kg6 38. Qc6+ Qf6 39. Qe8+ Kg7 40. Qd7+
Kg8 41. Qd5+ Kh8 42. g3 f4 43. Qc6 Kg7 44. Qb7+ Kg8 45. Qd7 Kh8 46. Qc6 Qg6 47.
Qc8+ Kg7 48. Qb7+ Kg8 49. Qd5+ Kh8 50. Qd8+ Kg7 51. Qc7+ Kg8 52. Qd8+ Bf8 53.
Qd5+ Kg7 54. Qb7+ Kh8 55. Qb8 Kg8 56. Qxf4 Qxd3 57. Qg4+ Qg6 58. Qc4+ Qf7 59.
Qg4+ Kh8 60. Qc8 c4 61. h4 h5 62. Qc6 Bc5 63. Qh6+ Qh7 64. Qf6+ Qg7 65. Qd8+
Qf8 66. Qd2 Qf6 67. Qe2 Kg7 0-1

[Event "FRA-chT1 0910"]
[Site "France"]
[Date "2009.11.21"]
[Round "4.4"]
[White "Debray, Christopher"]
[Black "Brailly Vignal, Bastien"]
[Result "0-1"]
[WhiteElo "2362"]
[BlackElo "2167"]
[PlyCount "108"]
[EventDate "2009.09.27"]
[EventType "team-match"]
[EventRounds "11"]
[EventCountry "FRA"]
[Source "ChessBase"]
[SourceDate "2010.02.25"]

1. d4 Nf6 2. c4 e6 3. Nc3 Bb4 4. e3 c5 5. Nge2 cxd4 6. exd4 d5 7. a3 Be7 8. Nf4
Nc6 9. cxd5 Nxd5 10. Ncxd5 exd5 11. Be3 Qd6 12. Bd3 O-O 13. O-O Kh8 14. Qf3 Be6
15. Nxe6 Qxe6 16. Rfe1 Qd6 17. Qh3 g6 18. Qf3 Kg8 19. b4 a6 20. Bb1 Rad8 21.
Ba2 Qd7 22. h4 Bxh4 23. g3 Be7 24. Kg2 f5 25. Rac1 b6 26. Bxd5+ Qxd5 27. Rxc6
Qxf3+ 28. Kxf3 Rd6 29. Rxd6 Bxd6 30. Rc1 Be7 31. Rc6 Rf6 32. d5 a5 33. Rxf6
Bxf6 34. bxa5 bxa5 35. Bb6 Be7 36. Bc7 Bxa3 37. d6 a4 38. d7 Be7 39. d8=Q+ Bxd8
40. Bxd8 Kf7 41. Kf4 a3 42. Ba5 Ke6 43. Ke3 Kd5 44. Kd3 Ke5 45. f4+ Kd5 46. Kc3
Ke4 47. Bd8 Kf3 48. Bh4 h6 49. Kb3 Kg4 50. Kxa3 g5 51. fxg5 hxg5 52. Kb3 gxh4
53. gxh4 Kxh4 54. Kc3 Kg3 0-1

[Event "FRA-chT1 0910"]
[Site "France"]
[Date "2009.11.21"]
[Round "4.4"]
[White "Desbonnes, Samy"]
[Black "Sorin, Baptiste"]
[Result "1/2-1/2"]
[WhiteElo "2332"]
[BlackElo "2214"]
[PlyCount "143"]
[EventDate "2009.09.27"]
[EventType "team-match"]
[EventRounds "11"]
[EventCountry "FRA"]
[Source "ChessBase"]
[SourceDate "2010.02.25"]

1. e4 c5 2. Nf3 d6 3. d4 cxd4 4. Nxd4 Nf6 5. Nc3 Nc6 6. Be2 e5 7. Nf3 h6 8. O-O
Be7 9. Re1 O-O 10. b3 Be6 11. Bb2 a6 12. h3 b5 13. Bf1 Qb6 14. a4 bxa4 15. Rxa4
Nb4 16. Nd2 Rfd8 17. Nc4 Qb7 18. Na5 Qb6 19. Rxb4 Qxb4 20. Nc6 Qb7 21. Nxd8
Rxd8 22. Qe2 Ra8 23. Ra1 a5 24. Qb5 Qxb5 25. Bxb5 Bd8 26. Rd1 Bc7 27. Ba3 Rc8
28. Ba6 Rd8 29. Nb5 Bb8 30. Bb7 Bc8 31. Bc6 Bd7 32. Bxd7 Rxd7 33. f3 d5 34.
exd5 Rxd5 35. Rxd5 Nxd5 36. c4 Nc7 37. Bc5 Nxb5 38. cxb5 f5 39. Bb6 Kf7 40.
Bxa5 Ke6 41. Kf2 Kd5 42. Bb6 Bd6 43. Ke2 g6 44. Kd3 e4+ 45. fxe4+ fxe4+ 46. Ke2
h5 47. Bd8 Bc5 48. Bg5 Bd4 49. Be3 Be5 50. Ba7 Bf4 51. Kf2 Bd2 52. Bb6 Bf4 53.
Ke2 Bg5 54. Bc7 Bc1 55. g3 Bg5 56. b6 Kc6 57. Bf4 Bf6 58. Ke3 Kxb6 59. Kxe4 Kc5
60. Be5 Bd8 61. Bc3 Bc7 62. Be1 Bb8 63. Bf2+ Kb4 64. Kd5 Kxb3 65. Ke6 Kc2 66.
Kf6 Kd2 67. g4 hxg4 68. hxg4 Ke2 69. Bc5 Kf3 70. g5 Bf4 71. Kxg6 Bxg5 72. Kxg5
1/2-1/2

[Event "FRA-chT1 0910"]
[Site "France"]
[Date "2009.11.21"]
[Round "4.4"]
[White "Nelis, Jean Francois"]
[Black "Brih, Said"]
[Result "1/2-1/2"]
[WhiteElo "2235"]
[BlackElo "2343"]
[PlyCount "121"]
[EventDate "2009.09.27"]
[EventType "team-match"]
[EventRounds "11"]
[EventCountry "FRA"]
[Source "ChessBase"]
[SourceDate "2010.02.25"]

1. e4 c5 2. Nf3 Nc6 3. c3 Nf6 4. e5 Nd5 5. d4 cxd4 6. Bc4 Nb6 7. Bb3 g6 8. Ng5
d5 9. exd6 e6 10. Qf3 Ne5 11. Qe4 Bg7 12. cxd4 Nec4 13. Nf3 Qxd6 14. O-O O-O
15. Nc3 Rd8 16. Qh4 f6 17. Re1 Na5 18. Ne4 Qf8 19. Neg5 fxg5 20. Nxg5 h6 21.
Bxe6+ Bxe6 22. Nxe6 Qf6 23. Qxf6 Bxf6 24. Nxd8 Rxd8 25. Bxh6 Nc6 26. Be3 Kf7
27. Rac1 Rd7 28. Red1 Nxd4 29. Bxd4 Bxd4 30. Kf1 Ke6 31. b3 a5 32. h4 Kd5 33.
Rc2 a4 34. bxa4 Nc4 35. Rcc1 Rf7 36. Kg1 Ne5 37. Rc8 Nc6 38. Rd2 Kc4 39. Kf1
Kc3 40. Re2 Kd3 41. Rce8 Rf5 42. f3 Ne5 43. Re4 Nc4 44. Rxd4+ Kxd4 45. Kf2 Rf7
46. Re6 Ne5 47. Kg3 Kd5 48. Rb6 Nc6 49. Kg4 Ne5+ 50. Kg3 Rc7 51. a5 Rc2 52. a6
bxa6 53. Rxa6 Nc6 54. Kh3 Ke5 55. g3 Kf5 56. Ra4 Rf2 57. Rf4+ Ke6 58. Re4+ Kf6
59. Rf4+ Kg7 60. g4 Rxa2 61. Kg3 1/2-1/2

[Event "FRA-chT1 0910"]
[Site "France"]
[Date "2009.11.21"]
[Round "4.5"]
[White "Chebance, Benoit"]
[Black "Battaglini, Gabriel"]
[Result "0-1"]
[WhiteElo "1994"]
[BlackElo "2398"]
[PlyCount "56"]
[EventDate "2009.09.27"]
[EventType "team-match"]
[EventRounds "11"]
[EventCountry "FRA"]
[Source "ChessBase"]
[SourceDate "2010.02.25"]

1. e4 c6 2. Nc3 d5 3. Qf3 Nf6 4. e5 Nfd7 5. d4 e6 6. Qg3 c5 7. Nf3 cxd4 8. Nxd4
Nc6 9. Nf3 a6 10. Bd3 d4 11. Ne2 Ncxe5 12. Nxe5 Qa5+ 13. Bd2 Qxe5 14. Qxe5 Nxe5
15. Nxd4 Nxd3+ 16. cxd3 Bd7 17. Nb3 Bc6 18. O-O Bb5 19. Rac1 Bxd3 20. Nc5 Bg6
21. Nxb7 Rb8 22. Na5 Rd8 23. Bf4 Be4 24. Nc6 Ra8 25. Nd4 Be7 26. Nc6 Bf8 27.
Nb4 Rd8 28. Nc6 Rd5 0-1

[Event "FRA-chT1 0910"]
[Site "France"]
[Date "2009.11.21"]
[Round "4.5"]
[White "Perrin, Guillaume"]
[Black "Geffroy, Laurent"]
[Result "1-0"]
[WhiteElo "2315"]
[BlackElo "2239"]
[PlyCount "109"]
[EventDate "2009.09.27"]
[EventType "team-match"]
[EventRounds "11"]
[EventCountry "FRA"]
[Source "ChessBase"]
[SourceDate "2010.02.25"]

1. e4 e5 2. Nf3 Nc6 3. Bb5 a6 4. Bxc6 dxc6 5. O-O f6 6. d4 exd4 7. Nxd4 c5 8.
Nb3 Qxd1 9. Rxd1 Bd7 10. Nc3 O-O-O 11. Bf4 Re8 12. f3 g5 13. Bg3 f5 14. exf5
Bxf5 15. Re1 Nf6 16. Be5 Bg7 17. Nxc5 Bxc2 18. Rac1 Bg6 19. N3a4 Nh5 20. Nb6+
Kb8 21. Nbd7+ Kc8 22. Nb6+ Kb8 23. Ncd7+ Ka7 24. Nc4 Bf5 25. Bxg7 Nxg7 26. Nde5
Be6 27. Nd2 Kb8 28. Ne4 h6 29. Nf6 Rc8 30. Ng6 Rhd8 31. Ne7 Rd2 32. Nxc8 Kxc8
33. Ne8 Nxe8 34. Rxe6 Kd7 35. Rce1 Nd6 36. R6e2 Rd4 37. Kf2 c5 38. Re6 Rb4 39.
Rxh6 Rxb2+ 40. Re2 Rb6 41. Rh5 c4 42. Rxg5 Rc6 43. Rd5 c3 44. Rd1 b5 45. h4 b4
46. h5 a5 47. h6 a4 48. h7 Rc8 49. Rc2 Kc6 50. a3 Nb5 51. axb4 Rh8 52. Rh1 Kd5
53. Rh4 a3 54. Ke3 Nd6 55. Kd3 1-0

[Event "FRA-chT1 0910"]
[Site "France"]
[Date "2009.11.21"]
[Round "4.6"]
[White "Debray, Tristan"]
[Black "Platel, Alexandre"]
[Result "1-0"]
[WhiteElo "2180"]
[BlackElo "2255"]
[PlyCount "147"]
[EventDate "2009.09.27"]
[EventType "team-match"]
[EventRounds "11"]
[EventCountry "FRA"]
[Source "ChessBase"]
[SourceDate "2010.02.25"]

1. e4 c5 2. Nc3 d6 3. g3 Nc6 4. Bg2 g6 5. d3 Bg7 6. Be3 Rb8 7. Qd2 b5 8. f4 Nd4
9. Nd1 e5 10. c3 Nc6 11. Ne2 Qa5 12. O-O b4 13. f5 bxc3 14. bxc3 f6 15. Nb2
Nge7 16. Nc4 Qc7 17. Bh6 O-O 18. g4 Ba6 19. Bxg7 Kxg7 20. g5 Bxc4 21. dxc4 Ng8
22. Ng3 Qe7 23. fxg6 hxg6 24. Rad1 Na5 25. gxf6+ Rxf6 26. Rxf6 Qxf6 27. Qxd6
Qxd6 28. Rxd6 Nf6 29. Ra6 Nxc4 30. Rxa7+ Kh6 31. h3 Rb2 32. a4 Ra2 33. Bf1 Nd2
34. Bg2 Kg5 35. Rf7 Rxa4 36. Re7 Kf4 37. Ne2+ Ke3 38. Ng3 Ra1+ 39. Nf1+ Ke2 40.
Rf7 Nxf1 41. Rxf6 Ne3+ 42. Kh2 Kd3 43. Rxg6 Kxc3 44. h4 Nxg2 45. Kxg2 Kd3 46.
h5 Kxe4 47. h6 Ra2+ 48. Kg3 Ra1 49. h7 Rg1+ 50. Kh2 Rxg6 51. h8=Q Rd6 52. Qa8+
Rd5 53. Qa4+ Kf5 54. Kg3 Rd3+ 55. Kf2 Rd4 56. Qc2+ Kf4 57. Qc1+ Ke4 58. Qxc5
Rd2+ 59. Ke1 Rd5 60. Qc6 Kd4 61. Kd2 Rc5 62. Qd6+ Kc4 63. Qd3+ Kb4 64. Qb1+ Kc4
65. Ke3 Kd5 66. Qd3+ Kc6 67. Ke4 Kb6 68. Qb3+ Rb5 69. Qe6+ Ka5 70. Kd3 Kb4 71.
Qc4+ Ka5 72. Qc7+ Ka4 73. Qc6 e4+ 74. Kc4 1-0

[Event "FRA-chT1 0910"]
[Site "France"]
[Date "2009.11.21"]
[Round "4.7"]
[White "Forestier, Flavien"]
[Black "Bokias, Iannis"]
[Result "1-0"]
[WhiteElo "2182"]
[BlackElo "2060"]
[PlyCount "133"]
[EventDate "2009.09.27"]
[EventType "team-match"]
[EventRounds "11"]
[EventCountry "FRA"]
[Source "ChessBase"]
[SourceDate "2010.02.25"]

1. d4 Nf6 2. Nf3 g6 3. c4 c5 4. d5 Bg7 5. Nc3 d6 6. g3 e5 7. Bg2 O-O 8. O-O Ne8
9. Ne1 f5 10. e4 f4 11. Nd3 g5 12. g4 h5 13. h3 hxg4 14. hxg4 Qf6 15. Bf3 Kf7
16. Kg2 Nd7 17. Rh1 Rh8 18. Rxh8 Bxh8 19. Bd2 Nf8 20. Be2 Ng6 21. f3 Nh4+ 22.
Kf2 Qh6 23. Qh1 Bf6 24. Ke1 Bd8 25. Kd1 Qf6 26. Kc2 Ba5 27. a3 Bxc3 28. Bxc3
Bd7 29. b4 b6 30. bxc5 Ba4+ 31. Kd2 bxc5 32. Rb1 Qe7 33. Rb2 Ng6 34. Qb1 Nf6
35. Rb7 Bd7 36. Rb8 Rxb8 37. Qxb8 Be8 38. Ba5 Qd7 39. Bd1 Ne7 40. Nb2 Nc8 41.
Ba4 Nxe4+ 42. Ke1 Qe7 43. Qxc8 Bxa4 44. Nxa4 Ng3 45. Qc7 e4 46. Qxe7+ Kxe7 47.
fxe4 Nxe4 48. Ke2 Nf6 49. Kf3 Nd7 50. Bc3 Nf8 51. Ke4 Ng6 52. Nb2 Nh4 53. Nd1
Kf7 54. Ba5 Ke7 55. Nf2 Ng2 56. Bd2 Kf6 57. Nh3 Kg6 58. Bxf4 gxf4 59. Nxf4+
Nxf4 60. Kxf4 Kf6 61. a4 a5 62. g5+ Ke7 63. Kf5 Kf7 64. g6+ Kg7 65. Ke6 Kxg6
66. Kxd6 Kf6 67. Kxc5 1-0

[Event "FRA-chT1 0910"]
[Site "France"]
[Date "2009.11.21"]
[Round "4.7"]
[White "Riff, Sebastien"]
[Black "Domelevo Entfellner, Jean Baka"]
[Result "1-0"]
[WhiteElo "2283"]
[BlackElo "1859"]
[PlyCount "113"]
[EventDate "2009.09.27"]
[EventType "team-match"]
[EventRounds "11"]
[EventCountry "FRA"]
[Source "ChessBase"]
[SourceDate "2010.02.25"]

1. e4 c5 2. Nf3 Nc6 3. d4 cxd4 4. Nxd4 Nf6 5. Nc3 e5 6. Ndb5 d6 7. Bg5 a6 8.
Na3 b5 9. Nd5 Qa5+ 10. Bd2 Qd8 11. Be3 Nxd5 12. exd5 Ne7 13. c4 b4 14. Qa4+ Bd7
15. Qxb4 Nf5 16. Bd2 Rb8 17. Qc3 g6 18. Nc2 Bg7 19. Rb1 O-O 20. Be2 Nd4 21.
Nxd4 exd4 22. Qf3 Bf5 23. Bd3 Re8+ 24. Kf1 Bd7 25. b3 h6 26. h3 g5 27. g4 Qe7
28. Re1 Qf8 29. Kg2 Re5 30. b4 Rbe8 31. a3 f5 32. gxf5 Bxf5 33. Bxf5 Rxf5 34.
Rxe8 Rxf3 35. Rxf8+ Rxf8 36. Rc1 d3 37. c5 dxc5 38. bxc5 Bb2 39. Rc4 Bxa3 40.
Be3 Rc8 41. Kf3 Kf7 42. Ra4 Bc1 43. Bxc1 Rxc5 44. Bd2 Rxd5 45. Rxa6 Rf5+ 46.
Kg3 Rf6 47. Ra7+ Kg6 48. Rd7 Rc6 49. Rxd3 Rc4 50. Rd6+ Kh5 51. Be3 Rc3 52. Rd5
Kg6 53. h4 gxh4+ 54. Kxh4 Rc6 55. Bf4 Rc4 56. Kg4 h5+ 57. Rxh5 1-0

[Event "FRA-chT1 0910"]
[Site "France"]
[Date "2009.11.21"]
[Round "4.8"]
[White "Brih, Touatia"]
[Black "Dikant, Christophe"]
[Result "1/2-1/2"]
[WhiteElo "1958"]
[BlackElo "2019"]
[PlyCount "166"]
[EventDate "2009.09.27"]
[EventType "team-match"]
[EventRounds "11"]
[EventCountry "FRA"]
[Source "ChessBase"]
[SourceDate "2010.02.25"]

1. Nf3 g6 2. d4 Bg7 3. g3 d6 4. Bg2 Nf6 5. O-O O-O 6. Re1 Nbd7 7. e4 e5 8. c3
c6 9. Nbd2 Qc7 10. Nc4 b5 11. dxe5 dxe5 12. Qd6 Qxd6 13. Nxd6 Ne8 14. Nxc8 Rxc8
15. Be3 Rc7 16. a4 a6 17. axb5 axb5 18. Red1 Nef6 19. Bh3 Re8 20. Ne1 Bf8 21.
Bg2 Nc5 22. Bxc5 Bxc5 23. Nd3 Bf8 24. b4 Nd7 25. Ra6 c5 26. Bh3 Rb8 27. Rda1
Nb6 28. bxc5 Bxc5 29. Nxe5 Bd6 30. Rxb6 Rxb6 31. Nd7 Rbc6 32. Nf6+ Kg7 33. Ne8+
Kf8 34. Nxc7 Rxc7 35. Rb1 Rxc3 36. Rxb5 Bc5 37. Rb2 Bd4 38. Rd2 Bc5 39. Kg2 Ke7
40. Rd7+ Kf8 41. Rd2 Ke7 42. Bg4 Rc1 43. Be2 Bd6 44. Ba6 Rc3 45. Bb7 Ba3 46. h4
h6 47. g4 Bc1 48. Rd5 Rc7 49. Ba6 g5 50. h5 Rc6 51. Bb5 Rd6 52. Rc5 Bf4 53. e5
Rb6 54. Bc4 Kf8 55. Rc8+ Kg7 56. Rc7 Bxe5 57. Rxf7+ Kh8 58. Rf8+ Kh7 59. Bd3+
Kg7 60. Re8 Bb2 61. Bg6 Rb7 62. Re6 Bd4 63. Rd6 Be5 64. Rc6 Bd4 65. Rd6 Be5 66.
Re6 Bd4 67. Be4 Rb6 68. Re7+ Kf8 69. Rd7 Be5 70. Kf3 Rf6+ 71. Ke2 Rb6 72. Ra7
Bd4 73. Rb7 Be5 74. Bg6 Bc3 75. Rf7+ Kg8 76. f4 gxf4 77. Rxf4 Bd2 78. Re4 Bg5
79. Re8+ Kg7 80. Kf3 Rd6 81. Rc8 Kf6 82. Ke4 Re6+ 83. Kd5 Re7 1/2-1/2

[Event "FRA-chT1 0910"]
[Site "France"]
[Date "2009.11.21"]
[Round "4.8"]
[White "Macarry, Elodie"]
[Black "Verot, Melanie"]
[Result "1-0"]
[WhiteElo "1892"]
[BlackElo "2116"]
[PlyCount "119"]
[EventDate "2009.09.27"]
[EventType "team-match"]
[EventRounds "11"]
[EventCountry "FRA"]
[Source "ChessBase"]
[SourceDate "2010.02.25"]

1. e4 c5 2. Nf3 d6 3. c3 Nf6 4. Be2 Nc6 5. Qc2 g6 6. O-O Bg7 7. d4 cxd4 8. cxd4
O-O 9. Rd1 Qb6 10. Nc3 Bg4 11. Be3 Qa5 12. Rac1 Rac8 13. Qb3 Qb4 14. Qc2 Na5
15. a3 Qb3 16. Qb1 Nc4 17. Bxc4 Qxc4 18. Nd5 Qb3 19. Nxe7+ Kh8 20. Nxc8 Bxc8
21. Rc3 Qa4 22. Rdc1 Bd7 23. Bf4 d5 24. Bd6 Re8 25. e5 Ne4 26. Rc7 Bf5 27. b3
Qa6 28. Qb2 Bh6 29. Rd1 Kg8 30. Bb4 Qb5 31. Bd2 Qe2 32. Qc1 Qxf2+ 33. Kh1 Nxd2
34. Rxd2 Bxd2 35. Qxd2 Qf1+ 36. Ng1 Qa6 37. Qb4 b6 38. Qd6 Qb5 39. Qc6 Qxc6 40.
Rxc6 Rc8 41. Rxc8+ Bxc8 42. b4 Kf8 43. Ne2 Ba6 44. Nc3 Bc4 45. Kg1 Ke7 46. Kf2
Ke6 47. Kf3 a6 48. Na4 Bb3 49. Nxb6 h6 50. Kf4 g5+ 51. Ke3 h5 52. g3 Bd1 53. h4
Bb3 54. hxg5 Kf5 55. a4 Kxg5 56. b5 a5 57. Kf3 Kf5 58. Nc8 Bd1+ 59. Ke3 Bxa4
60. b6 1-0

[Event "FRA-chT1 0910"]
[Site "France"]
[Date "2009.11.22"]
[Round "5.1"]
[White "Chernuschevich, Alexei"]
[Black "Gachet, Sebastien"]
[Result "1-0"]
[WhiteElo "2508"]
[BlackElo "2320"]
[PlyCount "119"]
[EventDate "2009.09.27"]
[EventType "team-match"]
[EventRounds "11"]
[EventCountry "FRA"]
[Source "ChessBase"]
[SourceDate "2010.02.25"]

1. d4 Nf6 2. Nf3 g6 3. Bf4 Bg7 4. e3 O-O 5. Be2 c5 6. c3 d5 7. Nbd2 cxd4 8.
exd4 Qb6 9. Qb3 Qxb3 10. axb3 Nc6 11. b4 Bf5 12. b5 Nd8 13. h3 Ne4 14. g4 Nxd2
15. Nxd2 Bd7 16. Bg3 Bh6 17. h4 Ne6 18. g5 Bg7 19. Bf3 Bxb5 20. Bxd5 Nd8 21.
Bc4 Bxc4 22. Nxc4 Rc8 23. Ne3 a6 24. Nd5 Re8 25. O-O e5 26. dxe5 Nc6 27. f4 Ne7
28. Nxe7+ Rxe7 29. Rfd1 Bf8 30. Kg2 Re6 31. Bf2 h5 32. Rd7 b5 33. Ra7 b4 34.
Bd4 bxc3 35. Bxc3 Rc4 36. Rd1 Re8 37. Rd4 Rxd4 38. Bxd4 Re6 39. Ra8 Kg7 40. Bc3
Bc5 41. Kf3 Be7 42. Ke4 Bc5 43. Kf3 Be7 44. Ba5 Bc5 45. b4 Be7 46. Ke4 Rc6 47.
Kd5 Re6 48. Rc8 Bf8 49. Rc6 Re8 50. Rxa6 Rb8 51. Rd6 Rc8 52. Rc6 Rb8 53. Kc4
Ra8 54. Bc7 Ra1 55. Bd6 Rf1 56. Kd5 Rd1+ 57. Kc5 Rf1 58. b5 Rxf4 59. b6 Rf1 60.
b7 1-0

[Event "FRA-chT1 0910"]
[Site "France"]
[Date "2009.11.22"]
[Round "5.1"]
[White "Kozakov, Mikhail"]
[Black "Glavina Rossi, Pablo"]
[Result "0-1"]
[WhiteElo "2437"]
[BlackElo "2461"]
[PlyCount "148"]
[EventDate "2009.09.27"]
[EventType "team-match"]
[EventRounds "11"]
[EventCountry "FRA"]
[Source "ChessBase"]
[SourceDate "2010.02.25"]
[WhiteTeam "Bois-Colombes"]

1. e4 e5 2. Nf3 Nc6 3. Bb5 a6 4. Ba4 Nf6 5. O-O Bc5 6. c3 b5 7. Bb3 d6 8. d4
Bb6 9. a4 Bg4 10. axb5 axb5 11. Rxa8 Qxa8 12. Qd3 exd4 13. Nxd4 Nxd4 14. cxd4
Qxe4 15. Qxe4+ Nxe4 16. Re1 O-O 17. Na3 Nf6 18. Nxb5 Bd7 19. Bc4 d5 20. Bf1 c6
21. Nc3 Bxd4 22. Bf4 Ra8 23. h3 Be6 24. Rc1 Bb6 25. b3 Ra3 26. Na4 Bd4 27. Nc5
Ra1 28. Rxa1 Bxa1 29. Ba6 Bd4 30. Be3 Bxe3 31. fxe3 Kf8 32. Kf2 Ke7 33. b4 Kd6
34. Bd3 h6 35. Nb7+ Kc7 36. Nc5 Nd7 37. Nb3 Ne5 38. Be2 Bf5 39. Nc5 Nd7 40. Nb3
Kd6 41. h4 Bc2 42. Nd4 Be4 43. Nb3 g6 44. g3 Bc2 45. Nd4 Bb1 46. Nb3 Ba2 47.
Nd4 Ne5 48. Ke1 Bc4 49. Kd2 Bxe2 50. Nxe2 h5 51. Kc3 Ng4 52. Kd4 Nh6 53. e4
dxe4 54. Kxe4 Nf5 55. Kd3 Ke5 56. Kc4 Ke4 57. Kc5 Kf3 58. Nc3 Kxg3 59. Kxc6 g5
60. Ne2+ Kf2 61. b5 gxh4 62. b6 h3 63. b7 h2 64. b8=Q h1=Q+ 65. Kc5 Kxe2 66.
Qb2+ Ke3 67. Qb3+ Kf4 68. Qxf7 Qg1+ 69. Kb4 Qd4+ 70. Kb3 h4 71. Qc7+ Kg4 72.
Qh2 Qe3+ 73. Kc2 Ng3 74. Kd1 h3 0-1

[Event "FRA-chT1 0910"]
[Site "France"]
[Date "2009.11.22"]
[Round "5.1"]
[White "Roser, Kevin"]
[Black "Tripoteau, Nicolas"]
[Result "0-1"]
[WhiteElo "2433"]
[BlackElo "2411"]
[PlyCount "176"]
[EventDate "2009.09.27"]
[EventType "team-match"]
[EventRounds "11"]
[EventCountry "FRA"]
[Source "ChessBase"]
[SourceDate "2010.02.25"]
[WhiteTeam "Issy Les Moulineaux"]
[BlackTeam "Sautron"]

1. e4 c5 2. Nf3 d6 3. d4 cxd4 4. Nxd4 Nf6 5. Nc3 a6 6. Be2 e6 7. f4 Be7 8. O-O
O-O 9. Be3 Nc6 10. Kh1 Nxd4 11. Qxd4 Qc7 12. a4 e5 13. Qd3 exf4 14. Bxf4 Be6
15. Rfd1 Rfd8 16. a5 Ne8 17. Nd5 Bxd5 18. exd5 Nf6 19. c4 Nd7 20. b4 Bf6 21.
Rac1 Ne5 22. Qd2 Ng6 23. Be3 Re8 24. Bf1 Qe7 25. Re1 Be5 26. Qf2 Qd7 27. c5
dxc5 28. Bxc5 Bf6 29. Red1 Bh4 30. Qc2 Ne5 31. Qb3 Ng4 32. b5 Bf2 33. Qf3 Bxc5
34. Rxc5 Qd6 35. Qxg4 Qxc5 36. bxa6 bxa6 37. Qa4 Rad8 38. Bxa6 Qxd5 39. Ra1 Qd2
40. Bf1 Re1 41. a6 Rxa1 42. Qxa1 Qd1 43. Qxd1 Rxd1 44. Kg1 Ra1 45. Kf2 Kf8 46.
Bc4 Ke7 47. Ke3 f6 48. Bd3 h6 49. Ke4 Ra5 50. h3 Ke6 51. Bc4+ Kd6 52. Bd3 f5+
53. Kd4 g6 54. Bc4 Ra4 55. Kc3 Kc5 56. Kb3 Ra1 57. Kb2 Ra5 58. Kb3 Kb6 59. Kc3
Kc5 60. Kb3 g5 61. Bd3 Kb6 62. Kb4 Ra2 63. Bxf5 Rxg2 64. Kc4 Rd2 65. Kb3 Rf2
66. Bc8 Rf8 67. Bb7 Rd8 68. Kc2 h5 69. Bf3 Kxa6 70. Bxh5 Kb5 71. Kc3 Kc5 72.
Be2 Rd6 73. Bf3 Rd4 74. Bb7 Ra4 75. Kd2 Ra3 76. Bc8 Kd4 77. Ke2 Ke4 78. Kf2 Kf4
79. Be6 Rc3 80. Bg4 Rc2+ 81. Be2 Rb2 82. Kf1 Kg3 83. Bg4 Rb1+ 84. Ke2 Rh1 85.
Bc8 Rxh3 86. Bxh3 Kxh3 87. Kf2 g4 88. Kf1 Kh2 0-1